[Event "GER Pyramid email"]
[Site "GER email"]
[Date "2007.04.21"]
[Round "?"]
[White "Bringsken, Peter"]
[Black "Rothhaar, Udo"]
[Result "1-0"]
[WhiteElo "2100"]
[BlackElo "2177"]
[PlyCount "41"]
[EventDate "2007.??.??"]
[EventType "game (corr)"]
[EventCountry "GER"]
[SourceTitle "Corr 2020"]
[Source "ChessBase"]
[SourceDate "2019.09.30"]
[SourceVersion "1"]
[SourceVersionDate "2019.09.30"]
[SourceQuality "1"]

1. e4 c5 2. Nf3 e6 3. d4 cxd4 4. Nxd4 Bc5 5. Nb3 Bb6 6. Nc3 Ne7 7. Bf4 f5 8. Qh5+ g6 9. Qh6 fxe4 10. Nxe4 Nf5 11. Nd6+ Nxd6 12. Bxd6 Qf6 13. 0-0-0 Nc6 14. Nd2 Bxf2 15. c3 Rg8 16. Qxh7 Qh8 17. Qxh8 Rxh8 18. Bd3 Kd8 19. Bxg6 Bb6 20. h4 Bf2 21. g4 1-0

[Event "GER-Cup17 qual-201 email"]
[Site "GER email"]
[Date "2007.??.??"]
[Round "?"]
[White "Michalek, Martin"]
[Black "Bringsken, Peter"]
[Result "0-1"]
[WhiteElo "2035"]
[BlackElo "1874"]
[PlyCount "50"]
[EventDate "2007.??.??"]
[EventType "tourn (corr)"]
[EventRounds "6"]
[EventCountry "GER"]
[SourceTitle "Corr 2008"]
[Source "ChessBase"]
[SourceDate "2008.06.24"]
[SourceVersion "1"]
[SourceVersionDate "2008.06.24"]
[SourceQuality "1"]

1. e4 c5 2. b4 cxb4 3. d4 e6 4. Nf3 Nf6 5. Bd3 b6 6. 0-0 Bb7 7. Qe2 d5 8. exd5 Nxd5 9. a3 Nd7 10. axb4 Bxb4 11. c4 N5f6 12. Ba3 Bxa3 13. Nxa3 0-0 14. Nb5 a6 15. Nd6 Bxf3 16. gxf3 Qc7 17. Ne4 Nh5 18. Kh1 e5 19. d5 Nf4 20. Qe3 Rac8 21. Rg1 f5 22. Ng5 Qd6 23. Bf1 a5 24. Rc1 Nc5 25. Nh3 Ng6 0-1

[Event "GER Pyramid email"]
[Site "GER email"]
[Date "2005.02.07"]
[Round "?"]
[White "Bringsken, Peter"]
[Black "Krauss, Heiko"]
[Result "0-1"]
[WhiteElo "2100"]
[BlackElo "2514"]
[PlyCount "52"]
[EventDate "2005.??.??"]
[EventType "tourn (corr)"]
[EventRounds "9"]
[EventCountry "GER"]
[SourceTitle "Corr 2020"]
[Source "ChessBase"]
[SourceDate "2019.09.30"]
[SourceVersion "1"]
[SourceVersionDate "2019.09.30"]
[SourceQuality "1"]

1. e4 e5 2. Nf3 Nc6 3. Bb5 a6 4. Ba4 Nf6 5. 0-0 Be7 6. Qe2 b5 7. Bb3 d6 8. a4 Bg4 9. c3 0-0 10. h3 Bh5 11. g4 Bg6 12. d3 Na5 13. Bc2 b4 14. cxb4 Nc6 15. Bd2 Qb8 16. Nh4 Nd4 17. Qd1 d5 18. Nf5 Bxf5 19. gxf5 c5 20. Bg5 Qxb4 21. Ra2 Rad8 22. Nc3 dxe4 23. Bxf6 Nf3+ 24. Kh1 Bxf6 25. Nxe4 Ng5 26. Nxf6+ gxf6 0-1